Контроль и управление качеством электроэнергии, диагностика и надежность оборудования энергетических систем: энциклопедия
| 語言: | 俄语 |
|---|---|
| 出版: |
Санкт-Петербург, Политехника Сервис, 2024
|
| 格式: | 圖書 |
| KOHA link: | https://koha.lib.tpu.ru/cgi-bin/koha/opac-detail.pl?biblionumber=680478 |
MARC
| LEADER | 00000nam1a2200000 4500 | ||
|---|---|---|---|
| 001 | 680478 | ||
| 005 | 20250606123320.0 | ||
| 090 | |a 680478 | ||
| 100 | |a 20250606d2024 km|y0rusy50 ca | ||
| 101 | 0 | |a rus | |
| 102 | |a RU | ||
| 200 | 1 | |a Контроль и управление качеством электроэнергии, диагностика и надежность оборудования энергетических систем |e энциклопедия | |
| 210 | |a Санкт-Петербург |c Политехника Сервис |d 2024 | ||
| 801 | 0 | |a RU |b 63413507 |c 20250606 | |
| 850 | |a 63413507 | ||
| 942 | |c BK | ||